Jak (ne)vymáhat pohledávky

Charakteristické črty riadenia pohľadávok – nákladovosť a stratovosť. Dlhá doba inkasa pohľadávok zaťažuje tak firmy, ako aj celý systém ekonomiky. Niektoré nástroje prevencie rizika nesplácania či predlžovania inkasa pohľadávok sú spojené s dodatočnými nákladmi, ktorých výsledkom je reálne zníženie...

Ausführliche Beschreibung

Gespeichert in:
Bibliographische Detailangaben
1. Verfasser: Souček, Jiří
Weitere Verfasser: Kubíčková, Dana
Format: Buchkapitel
Sprache:Tschechisch
Schlagworte:
Tags: Tag hinzufügen
Keine Tags, Fügen Sie das erste Tag hinzu!

MARC

LEADER 00000nla a2200000 4500
001 0229473
005 20240417075114.8
041 0 |a cze 
044 |a SK 
245 1 0 |a Jak (ne)vymáhat pohledávky  |c Jiří Souček, Dana Kubíčková 
520 |a Charakteristické črty riadenia pohľadávok – nákladovosť a stratovosť. Dlhá doba inkasa pohľadávok zaťažuje tak firmy, ako aj celý systém ekonomiky. Niektoré nástroje prevencie rizika nesplácania či predlžovania inkasa pohľadávok sú spojené s dodatočnými nákladmi, ktorých výsledkom je reálne zníženie inkasovanej čiastky. 
610 2 0 |a inkaso 
610 2 0 |a pohľadávky 
610 2 0 |a vymáhanie pohľadávok 
610 2 0 |a disciplína platobná 
610 2 0 |a cash flow 
610 2 0 |a prostriedky likvidné 
610 2 0 |a náklady 
610 2 0 |a strata 
100 1 |a Souček, Jiří 
700 1 |a Kubíčková, Dana